000 00566nam a22001697a 4500
003 OSt
005 20171010095449.0
008 120622t xxu||||| |||| 00| 0 eng d
040 _aMMSU
_cULS
100 _aAbad, Mark Allan L.
_910611
245 _aOn the job training (OJT) in animal science
_cMark Allan L. Abad
260 _c2008
300 _aix, [35] leaves
_c28 cm.
500 _aThesis (BS Agriculture-Animal Science) -- Mariano Marcos State University-College of Agriculture & Forestry, Batac City
504 _aBibliography: None
942 _2ddc
_cTHEDIS
999 _c9589
_d9589